000 00443nam a2200193Ia 4500
001 13827
003 GE_BSU
008 181216s||||||||xx |||||||||||||| ||und||
020 _a9780007223084
040 _cGE_BSU
080 _a82-93
100 _aHerman,Cail
245 _aDulcie's Taste of Magic
260 _aLondon
260 _bHarper Collins Children's book
300 _a87p.19cm.
653 _aDulcie's Taste of Magic
942 _cBK
999 _c46973
_d46973